Library Logo

Pioneer International University Library Catalogue

NEW PATHS TO POWER: (Record no. 9899)

MARC details
000 -LEADER
fixed length control field 00452nam a22001577a 4500
003 - CONTROL NUMBER IDENTIFIER
control field OSt
005 - DATE AND TIME OF LATEST TRANSACTION
control field 20251208132753.0
008 - FIXED-LENGTH DATA ELEMENTS--GENERAL INFORMATION
fixed length control field 251208b |||||||| |||| 00| 0 eng d
020 ## - INTERNATIONAL STANDARD BOOK NUMBER
International Standard Book Number 0195081110
040 ## - CATALOGING SOURCE
Transcribing agency OXFORD UNIVERSITY PRESS
050 ## - LIBRARY OF CONGRESS CALL NUMBER
Classification number HQ 1419 .S57 1994
Item number .S57 1994
245 ## - TITLE STATEMENT
Title NEW PATHS TO POWER:
Remainder of title AMERICAN WOMEN/
Statement of responsibility, etc. SMITH, KAREN MANNERS
250 ## - EDITION STATEMENT
Edition statement 1ST EDITION
260 ## - PUBLICATION, DISTRIBUTION, ETC.
Place of publication, distribution, etc. NEW YORK:
Name of publisher, distributor, etc. OXFORD UNIVERSITY PRESS,
Date of publication, distribution, etc. 1994
942 ## - ADDED ENTRY ELEMENTS (KOHA)
Source of classification or shelving scheme Library of Congress Classification
Koha item type Books
Suppress in OPAC No
Holdings
Withdrawn status Lost status Source of classification or shelving scheme Damaged status Not for loan Home library Current library Date acquired Total checkouts Barcode Date last seen Price effective from Koha item type
    Library of Congress Classification     PIU Library PIU Library 12/08/2025   PIUDL902 12/08/2025 12/08/2025 Books